000
00252nam a2200097Ia 4500
001
1207150
005
20251016145918.0
008
250824s9999 xx 000 0 und d
245
0
_a
KAYIP DAĞIN GEMİSİ
_c
GÖKHAN YILDIZ
260
_b
ARTEMİS YAYINLARI
999
_c
1207150
_d
1207150